Using R for Introductory Econometrics
Salvato in:
| Autore principale: | |
|---|---|
| Natura: | Libro |
| Lingua: | inglese |
| Pubblicazione: |
[S.l.]
[s.n.]
2020
|
| Edizione: | 2nd Edition |
| Soggetti: | |
| Tags: |
Nessun Tag, puoi essere il primo ad aggiungerne!!
|
MARC
| LEADER | 00000nam a2200000 4500 | ||
|---|---|---|---|
| 001 | 0279806 | ||
| 005 | 20240417073812.7 | ||
| 020 | |a 979-8648424364 | ||
| 041 | 0 | |a eng | |
| 044 | |a DE | ||
| 245 | 1 | 0 | |a Using R for Introductory Econometrics |c Florian Heiss |
| 250 | |a 2nd Edition | ||
| 264 | 1 | |a [S.l.] |b [s.n.] |c 2020 | |
| 300 | |a 368 s. | ||
| 610 | 2 | 0 | |a jazyky programovacie |
| 610 | 2 | 0 | |a ekonometria |
| 610 | 2 | 0 | |a spracovanie dát |
| 610 | 2 | 0 | |a softvér |
| 610 | 2 | 0 | |a simulácia |
| 610 | 2 | 0 | |a analýza regresná |
| 610 | 2 | 0 | |a rady časové |
| 610 | 2 | 0 | |a modely ekonometrické |
| 100 | 1 | |a Heiss, Florian | |